ភាពជាអ្នកដឹកនាំនិងការគ្រប់គ្រង (Record no. 9429)
[ view plain ]
| 000 -LEADER | |
|---|---|
| fixed length control field | 00324nam a22001217a 4500 |
| 040 ## - CATALOGING SOURCE | |
| Transcribing agency | SY |
| 082 ## - DEWEY DECIMAL CLASSIFICATION NUMBER | |
| Classification number | 362 |
| 100 ## - MAIN ENTRY--AUTHOR NAME | |
| Personal name | NEANG SOKHORN; នាង សុឃន |
| 245 ## - TITLE STATEMENT | |
| Title | ភាពជាអ្នកដឹកនាំនិងការគ្រប់គ្រង |
| 260 ## - PUBLICATION, DISTRIBUTION, ETC. (IMPRINT) | |
| Place of publication | RUA |
| Name of publisher | NEA |
| Year of publication | 2011 |
| 300 ## - PHYSICAL DESCRIPTION | |
| Number of Pages | 36p. |
| 942 ## - ADDED ENTRY ELEMENTS (KOHA) | |
| Koha item type | សៀវភៅភាសាខ្មែរ |
| 952 ## - LOCATION AND ITEM INFORMATION (KOHA) | |
| Withdrawn status [LOCAL, KOHA] | 0 |
| 952 ## - LOCATION AND ITEM INFORMATION (KOHA) | |
| Withdrawn status [LOCAL, KOHA] | 0 |
| Permanent Location | Date acquired | Koha item type | Lost status | Shelving location | Barcode | Current Location | Full call number |
|---|---|---|---|---|---|---|---|
| Library Block C | 2016-09-01 | សៀវភៅភាសាខ្មែរ | C192 | RUA045196 | Library Block C | 362 NEA 2011 C192 Or.1 | |
| Library Block C | 2016-09-15 | សៀវភៅភាសាខ្មែរ | C195 | RUA045121 | Library Block C | 362 នាង 2011 C195 |